[Event "ch-TUR 2013"]
[Site "Antalya TUR"]
[Date "2013.02.03"]
[Round "3.25"]
[White "Demircioglu,E"]
[Black "Alaz,Ahmet Efekan"]
[Result "1-0"]
[WhiteElo "2101"]
[BlackElo "1802"]

1.d4 d5 2.c4 c6 3.Nf3 Nf6 4.Nc3 dxc4 5.a4 Bf5 6.e3 e6 7.Bxc4 Bb4 8.O-O Nbd7
9.Qe2 O-O 10.Nh4 a5 11.Nxf5 exf5 12.Rd1 Qc7 13.h3 Rad8 14.Qf3 g6 15.Bb3 Rfe8
16.g4 fxg4 17.hxg4 Re7 18.g5 Nh5 19.e4 Nb6 20.Be3 Rde8 21.e5 Bxc3 22.bxc3 Ng7
23.Kg2 Nf5 24.Rh1 Nd5 25.Bd2 Qd7 26.Qh3 h5 27.gxh6 Kh7 28.Qf3 Rg8 29.Bg5 Ree8
30.Rad1 Rgf8 31.Bxd5 cxd5 32.Rb1 Rb8 33.Rb5 b6 34.Qxd5 Qc7 35.Rh3 Rfc8 36.Rf3 Qc4
37.e6 Qxd5 38.Rxd5 Rf8 39.Rd7 Kg8 40.Bf6 b5 41.h7+  1-0

[Event "ch-HUN U20 g 2013"]
[Site "Budapest HUN"]
[Date "2013.02.05"]
[Round "2.3"]
[White "Havanecz,B"]
[Black "Terbe,J"]
[Result "1-0"]
[WhiteElo "2074"]
[BlackElo "1933"]

1.d4 d5 2.c4 c6 3.Nf3 Nf6 4.Nc3 dxc4 5.a4 Bf5 6.Nh4 Be6 7.e4 g6 8.Be2 Bg7
9.O-O Na6 10.f4 Nc7 11.f5 gxf5 12.Nxf5 Bxf5 13.Rxf5 Qd7 14.Rf1 O-O-O 15.e5 Nfe8
16.Rxf7 Qxd4+ 17.Qxd4 Rxd4 18.Be3 Rd8 19.Rxe7 Nd5 20.Nxd5 Rxd5 21.Bxa7 Bxe5
22.Bg4+ Kd8 23.Rxb7 Nd6 24.Bb6+ Ke8 25.Bd7+ Ke7 26.Bxc6+  1-0

[Event "Moscow Open B 2013"]
[Site "Moscow RUS"]
[Date "2013.02.05"]
[Round "4.7"]
[White "Kashlinskaya,A"]
[Black "Eryshkanova,A"]
[Result "1/2-1/2"]
[WhiteElo "2350"]
[BlackElo "2143"]

1.d4 d5 2.c4 c6 3.Nc3 Nf6 4.Nf3 dxc4 5.a4 Bf5 6.e3 e6 7.Bxc4 Bb4 8.O-O O-O
9.Qe2 Bg6 10.Ne5 Nbd7 11.Nxg6 hxg6 12.Rd1 Qa5 13.Na2 Be7 14.Bd2 Qh5 15.Qxh5 gxh5
16.f3 c5 17.dxc5 Nxc5 18.a5 Rac8 19.b3 Rfd8 20.Rab1 Ne8 21.Be2 Bf6 22.Nb4 Rxd2
23.Rxd2 Bc3 24.Rd4 Bxd4 25.exd4 Nd7 26.d5 exd5 27.Nxd5 Kf8 28.Rd1 Rc5 29.b4 Rc2
30.Bd3 Rb2 31.Bb5 Ndf6 32.Nxf6 Nxf6 33.Rd8+ Ke7 34.Rd4 Ke6 35.h4 Ke5 36.Rc4 Nd5
37.Re4+ Kd6 38.Bc4 Nf6 39.Rd4+ Ke5 40.Rd8 Rxb4 41.Bxf7 Rxh4 42.Rb8 Ra4  1/2-1/2

[Event "Asian Zonal 3.2 w 2013"]
[Site "Thulhiriya City PHI"]
[Date "2013.02.05"]
[Round "4.1"]
[White "Shamima,A"]
[Black "Sultana,S"]
[Result "1-0"]
[WhiteElo "2135"]
[BlackElo "1990"]

1.d4 d5 2.c4 c6 3.Nf3 Nf6 4.Nc3 dxc4 5.a4 Bf5 6.e3 e6 7.Bxc4 Bb4 8.O-O O-O
9.Qe2 Bg6 10.Ne5 Nbd7 11.Nxg6 hxg6 12.Na2 Be7 13.Rd1 Nb6 14.Bb3 Qc7 15.e4 e5
16.f4 exd4 17.a5 Nbd7 18.e5 Nd5 19.Kh1 Nc5 20.Bc4 Ne6 21.Qf3 Qxa5 22.f5 gxf5
23.Qxf5 Ndc7 24.Bd2 Qb6 25.b3 a5 26.Rab1 c5 27.Rf1 Qc6 28.Rf3 g6 29.Rg3 Bg5
30.Rxg5 Nxg5 31.Qxg5 Qe4 32.Rf1 Rae8 33.Qf6 Rxe5 34.Bxf7+  1-0

[Event "ch-TUR 2013"]
[Site "Antalya TUR"]
[Date "2013.02.07"]
[Round "8.71"]
[White "Bas,D"]
[Black "Samani,Yamac"]
[Result "1-0"]
[WhiteElo "1934"]
[BlackElo "1772"]

1.d4 d5 2.c4 c6 3.Nc3 Nf6 4.Nf3 dxc4 5.a4 Bf5 6.Ne5 Nbd7 7.Nxc4 Qc7 8.e3 e5
9.Be2 Bb4 10.O-O a5 11.d5 Nb6 12.d6 Qd8 13.Nxe5 Bxd6 14.Nf3 O-O 15.h3 Qe7
16.Qd4 Nbd5 17.Nxd5 Nxd5 18.Bd3 Bxd3 19.Qxd3 Rfe8 20.b3 Nb4 21.Qc4 Qe4 22.Qxe4 Rxe4
23.Bb2 Nd5 24.Rad1 f6 25.Nd2 Re6 26.Nc4 Be7 27.Rfe1 Bb4 28.Re2 Kf7 29.Rc2 Rd8
30.Rd3 Ke7 31.Ba3 b5 32.Nxa5 Bxa3 33.Nxc6+ Rxc6 34.Rxc6 bxa4 35.bxa4 Bb4
36.e4 Nc3 37.Rc7+ Ke8 38.Rxd8+ Kxd8 39.Rxg7 Nxa4 40.Rxh7 Nc5 41.f3 Bc3 42.Rh5 Ke7
43.g3 Kf7 44.Kg2 Ne6 45.f4 Nf8 46.Rc5 Bd4 47.Rc7+ Kg6 48.Kf3 Bb6 49.Rb7 Bd4
50.g4 Nh7 51.h4 Bc3 52.g5 fxg5 53.hxg5 Nf8 54.Kg4  1-0

[Event "ch-TUR 2013"]
[Site "Antalya TUR"]
[Date "2013.02.07"]
[Round "8.26"]
[White "Dogan,Mire Deniz"]
[Black "Ozmen,H"]
[Result "1/2-1/2"]
[WhiteElo "1768"]
[BlackElo "2016"]

1.d4 d5 2.c4 c6 3.Nc3 Nf6 4.Nf3 dxc4 5.a4 Bf5 6.e3 e6 7.Bxc4 Bb4 8.O-O O-O
9.Bd2 Nbd7 10.h3 Bg6 11.Re1 c5 12.Qb3 a5 13.d5 exd5 14.Bxd5 Nxd5 15.Nxd5 Bxd2
16.Nxd2 Nf6 17.Nxf6+ Qxf6 18.Nc4 Be4 19.f3 Bd5 20.Qc2 Qe6 21.Rac1 Bxc4 22.Qxc4 Qxc4
23.Rxc4 b6 24.Kf2 Rad8 25.Ke2 Rd6 26.Rd1 Rfd8 27.Rxd6 Rxd6 28.Rc3 Kf8 29.Rd3 Rg6
30.Kf2 Ke7 31.e4 h5 32.g3 Rc6 33.b3 c4 34.Rc3 Kd6 35.Ke3 cxb3 36.Rxb3 Kc7
37.Kd4 Rd6+  1/2-1/2

[Event "Moscow Open B 2013"]
[Site "Moscow RUS"]
[Date "2013.02.08"]
[Round "7.4"]
[White "Tarasova,Viktoriy"]
[Black "Shulakova,S"]
[Result "1-0"]
[WhiteElo "2273"]
[BlackElo "2181"]

1.d4 d5 2.c4 c6 3.Nf3 Nf6 4.Nc3 dxc4 5.a4 Bf5 6.Ne5 Nbd7 7.Nxc4 Qc7 8.g3 e5
9.dxe5 Nxe5 10.Bf4 Rd8 11.Qc1 Bd6 12.Nxd6+ Qxd6 13.Bg2 O-O 14.O-O Qe7 15.a5 a6
16.h3 Rfe8 17.Ra4 Rd7 18.Qe3 Bc2 19.Rd4 Rxd4 20.Qxd4 Ng6 21.Be3 Rd8 22.Qb6 Ne5
23.Bc5 Qd7 24.Rc1 Bf5 25.g4 Be6 26.Rd1 Nd5 27.Nxd5 cxd5 28.e4 Rc8 29.Qb4 Qc6
30.Be3 dxe4 31.Bxe4 Qc7 32.Qxb7 Qxa5 33.b4  1-0

[Event "TCh-CZE Div1 Zapad 2012-13"]
[Site "Czech Republic CZE"]
[Date "2013.02.10"]
[Round "7.8"]
[White "Kucera,P3"]
[Black "Plesek,J"]
[Result "1/2-1/2"]
[WhiteElo "2202"]
[BlackElo "2130"]

1.d4 d5 2.c4 c6 3.Nf3 Nf6 4.Nc3 dxc4 5.a4 Bf5 6.e3 e6 7.Bxc4 Bb4 8.O-O O-O
9.Qb3 Qe7 10.a5 Nbd7 11.Ra4 Bd6 12.Qxb7 Ne4 13.Ne5 Bxe5 14.Nxe4 Rfb8 15.Qxc6 Rc8
16.Qb7 Rab8 17.Qxa7 Bxe4 18.dxe5 Qg5 19.f3 Nc5 20.fxe4 Rb7 21.Qxb7 Nxb7 22.a6 Nc5
23.Ra5 Nb3 24.Bxb3 Rxc1 25.Kf2 Rxf1+ 26.Kxf1 Qxe3 27.Ra1 Qd3+ 28.Ke1 Qe3+
29.Kf1 Qd3+ 30.Ke1 Qd4 31.Rd1 Qe3+ 32.Kf1 Kf8 33.Bc4 Qxe4 34.b3 Qxe5 35.Rd7 Ke8
36.Rb7 Qf4+ 37.Ke1 Kd8 38.Kd1 Kc8 39.Kc2 Qxh2 40.Rxf7 Qxg2+ 41.Kc3 Kb8 42.Kb4 h5
43.Kc5 Qe4 44.Kd6 h4 45.a7+ Ka8 46.Bxe6 Qb4+ 47.Ke5 Qc3+ 48.Kd6 Qb4+ 49.Ke5 Qc3+  1/2-1/2

[Event "17th Lienz Open 2013"]
[Site "Lienz AUT"]
[Date "2013.02.14"]
[Round "7.5"]
[White "Diermair,A"]
[Black "Higatsberger,M"]
[Result "1-0"]
[WhiteElo "2407"]
[BlackElo "2173"]

1.d4 d5 2.c4 c6 3.Nf3 Nf6 4.Nc3 dxc4 5.a4 Bf5 6.Nh4 e6 7.Nxf5 exf5 8.e3 Be7
9.Bxc4 O-O 10.O-O Nbd7 11.a5 Rc8 12.Qc2 g6 13.Rd1 Qc7 14.h3 Bb4 15.Qa4 Bd6
16.Qb3 Ne4 17.Nxe4 fxe4 18.Bd2 Nf6 19.Bc3 Qe7 20.d5 c5 21.Rd2 Rc7 22.Qc2 Nd7
23.b3 f5 24.Bb2 Ne5 25.Qc3 h5 26.Qxe5  1-0

[Event "TCh-CZE Extraliga 2012-13"]
[Site "Czech Republic CZE"]
[Date "2013.02.16"]
[Round "5.5"]
[White "Biolek,R1"]
[Black "Trichkov,V"]
[Result "1-0"]
[WhiteElo "2399"]
[BlackElo "2320"]

1.d4 d5 2.c4 c6 3.Nf3 Nf6 4.Nc3 dxc4 5.a4 Bf5 6.Nh4 Bd7 7.e4 e6 8.Bxc4 Nxe4
9.Nxe4 Qxh4 10.Qf3 Bb4+ 11.Kf1 h6 12.Bf4 a5 13.Be5 O-O 14.Nf6+ Kh8 15.Bd3 c5
16.Nh5 f6 17.Nf4 Bc6 18.Ng6+ Kg8 19.Nxh4 Bxf3 20.Bxb8 Bc6 21.Bd6 Rfd8 22.dxc5 Bxc5
23.Bxc5 Rxd3 24.Ke2 Rb3 25.Rhd1 Rxb2+ 26.Rd2 Rxd2+ 27.Kxd2 b5 28.axb5 Bxb5
29.Nf3 Bc6 30.Ne1 a4 31.g3 e5 32.Nd3 Kf7 33.Ba3 Rd8 34.Ke3 g5 35.Rb1 h5 36.Rb6 Rc8
37.Rb4 Be8 38.Rb7+ Kg6 39.Nc5 Kf5 40.h3 Bc6 41.Rb6 h4 42.g4+ Kg6 43.f3 Kf7
44.Ra6 Bb5 45.Ra7+ Kg6 46.Kf2 Rc6 47.Re7 Bc4 48.Ra7 Bb3 49.Ke3 f5 50.Re7 e4
51.gxf5+ Kxf5 52.fxe4+ Kg6 53.e5 Kf5 54.e6 g4 55.hxg4+ Kxg4 56.Rg7+ Kf5 57.e7 Rc8
58.Nxb3 axb3 59.Rf7+  1-0

[Event "77th ch-BUL SF 2013"]
[Site "Plovdiv BUL"]
[Date "2013.02.17"]
[Round "9.9"]
[White "Kolev,At2"]
[Black "Andreev,Sa"]
[Result "1/2-1/2"]
[WhiteElo "2086"]
[BlackElo "2210"]

1.d4 d5 2.Nf3 Nf6 3.c4 c6 4.Nc3 dxc4 5.a4 Bf5 6.Ne5 Nbd7 7.Nxc4 Nb6 8.Ne5 a5
9.f3 Nfd7 10.Nd3 e6 11.e4 Bg6 12.Qb3 Bd6 13.Be3 O-O 14.Be2 Qc7 15.f4 Rfe8
16.Rc1 Bf8 17.O-O f5 18.e5 Bf7 19.Bf3 Qb8 20.Rfd1 Nd5 21.Nxd5 exd5 22.Bf2 Ra6
23.Rd2 Be6 24.Rdc2 Qa7 25.h3 g6 26.Kh2 Qb6 27.Qxb6 Rxb6 28.Be1 Ra6 29.Be2 Ra7
30.Bf2 Kf7  1/2-1/2

[Event "Iceland-China Friendly Match"]
[Site "Reykjavik ISL"]
[Date "2013.02.17"]
[Round "7.6"]
[White "Gretarsson,Hj"]
[Black "Bu Xiangzhi"]
[Result "0-1"]
[WhiteElo "2509"]
[BlackElo "2675"]

1.d4 d5 2.c4 c6 3.Nf3 Nf6 4.Nc3 dxc4 5.a4 Bf5 6.Ne5 Nbd7 7.Nxc4 Nb6 8.Ne5 a5
9.f3 Nfd7 10.Nxd7 Nxd7 11.e4 Bg6 12.Be3 e5 13.dxe5 Nxe5 14.Qe2 Nd7 15.Qf2 Bb4
16.Be2 O-O 17.O-O Qe7 18.Rfd1 Rfe8 19.Bc4 Rad8 20.Na2 Bc5 21.Rac1 Kf8 22.Bb3 b6
23.Rd2 Bxe3 24.Qxe3 Nc5 25.Bc2 Rxd2 26.Qxd2 Rd8 27.Qc3 Ne6 28.Rd1 Rxd1+ 29.Bxd1 Qd6
30.Be2 f6 31.Nc1 Bf7 32.g3 Nc5 33.b3 Qe5 34.Qxe5 fxe5 35.Bd1 Ke7 36.Kf2 g5
37.Ke3 Kd6 38.Kd2 b5 39.axb5 cxb5 40.Kc3 b4+ 41.Kb2 h6 42.Be2 Bh5 43.Kc2 Ne6
44.g4 Bf7 45.Bd1 Nf4 46.Kd2 Ne6 47.Nd3 Nd4 48.Nc1 Be6 49.Ke3 Bf7 50.Kd2 h5
51.h3 h4 52.Ke3 Be8 53.Nd3 Bb5 54.Nb2 Kc5 55.Kf2 Ne6 56.Be2 Bxe2 57.Kxe2 Kd4
58.Nc4 a4  0-1

[Event "ch-ROU w 2013"]
[Site "Baile Olanesti ROU"]
[Date "2013.02.19"]
[Round "4.15"]
[White "Banciu,Bianca-Gabriela"]
[Black "Vasilescu,M"]
[Result "0-1"]
[WhiteElo "1591"]
[BlackElo "1883"]

1.d4 d5 2.c4 c6 3.Nf3 Nf6 4.Nc3 dxc4 5.a4 Bf5 6.e3 e6 7.Bxc4 Bb4 8.O-O O-O
9.Bd2 c5 10.h3 Nc6 11.Ne2 Bxd2 12.Qxd2 Ne4 13.Qd1 Qe7 14.dxc5 Rfd8 15.Qc1 Nxc5
16.Ned4 Nxd4 17.Nxd4 Be4 18.b4 Nd3 19.Bxd3 Bxd3 20.Rd1 Rac8 21.Qa3 Be4 22.b5 Qxa3
23.Rxa3 e5 24.f3 Bg6 25.Kh2 h6 26.a5 exd4 27.exd4 Rc2 28.a6 b6 29.Rb3 Re8
30.Rbb1 Ree2 31.Rg1 Rxg2+ 32.Rxg2 Rxg2+ 33.Kxg2 Bxb1  0-1

[Event "ch-ROU w 2013"]
[Site "Baile Olanesti ROU"]
[Date "2013.02.20"]
[Round "5.8"]
[White "Ilie,M"]
[Black "Morea,G"]
[Result "1-0"]
[WhiteElo "2003"]
[BlackElo "1870"]

1.d4 d5 2.c4 c6 3.Nf3 Nf6 4.Nc3 dxc4 5.a4 Bf5 6.e3 e6 7.Bxc4 Nbd7 8.O-O Bb4
9.Qe2 Bg6 10.Rd1 O-O 11.Na2 Be7 12.b4 Nb6 13.Bb3 Nbd5 14.Bd2 Ne4 15.Be1 Bh5
16.b5 Ng5 17.Nc3 Nxf3+ 18.gxf3 Nxc3 19.Bxc3 Bd6 20.e4 Qg5+ 21.Kf1 Bxh2 22.Ke1 cxb5
23.axb5 Kh8 24.Qd3 Qg2 25.Ke2 Rfc8 26.Rac1 a6 27.bxa6 Rxa6 28.Bb2 Rxc1 29.Rxc1 h6
30.Rc5 Bg6 31.Qe3 Kh7 32.Rb5 b6 33.d5 exd5 34.Bxd5 Bg1 35.Rxb6 Rxb6 36.Qxb6 Bh5
37.Qe3 Qg6 38.Qd4 Bh2 39.e5 Qc2+ 40.Ke3 Bg6 41.Qc3 Qxc3+ 42.Bxc3 Bf5 43.Bxf7 Bg6
44.Bd5 Be8 45.f4 g5 46.f5 Kg7 47.e6+ Kf8 48.f6 Bd6 49.e7+ Bxe7 50.fxe7+ Kxe7
51.Bg7 h5 52.Ke4 Kd6 53.Bf8+ Kd7 54.Kf5 g4 55.Be6+ Kc7 56.Kg5 Kc6 57.Be7 Kc7
58.Kh6 Kc6 59.Kg7 Kb5 60.Bf5 Kc4 61.Bg6 Bd7 62.Bxh5 Kd3 63.Kh6 Ke4 64.Bh4 Kf3
65.Bg3 Kg2 66.Kg5 Kh3 67.Bg6 Bc6 68.Bf5 Bf3 69.Kh5 Be2 70.Be4 Bd1 71.Kg5 Be2
72.Kf4 Bd1 73.Bd3 Kg2 74.Ke3 Ba4 75.Be4+ Kh3 76.Ke2 Bb5+ 77.Bd3 Bc6 78.Kf1 Bd5
79.Ke2 Bc6 80.Ke1 Kg2 81.Bf1+ Kg1 82.Be2 Bf3 83.Bxf3 gxf3 84.Kd2 Kg2 85.Ke3 Kg1
86.Kxf3  1-0

[Event "TCh-CZE Div1 Vychod 2012-13"]
[Site "Czech Republic CZE"]
[Date "2013.02.24"]
[Round "8.7"]
[White "Krejci,Jan1"]
[Black "Mitura,V"]
[Result "0-1"]
[WhiteElo "2199"]
[BlackElo "2164"]

1.Nf3 d5 2.d4 c6 3.c4 Nf6 4.Nc3 dxc4 5.a4 Bf5 6.e3 e6 7.Bxc4 Bb4 8.O-O O-O
9.Qb3 Qe7 10.a5 c5 11.Ne5 cxd4 12.exd4 Nc6 13.Nxc6 bxc6 14.Bf4 Bd6 15.Bg3 Rab8
16.Qa2 Rfd8 17.Rfd1 Bxg3 18.hxg3 Qb4 19.Rd2 Rb7 20.Rad1 Rbd7 21.a6 h6 22.f3 Bg6
23.Na4 e5 24.Qb3 Qxb3 25.Bxb3 Rxd4 26.Rxd4 exd4 27.Nc5 d3 28.Kf2 Rd4 29.Rd2 Nd5
30.Nd7 Rb4 31.Bxd5 cxd5 32.Nc5 Rb5 33.b4 Rxb4 34.Nxd3 Bxd3 35.Rxd3 Ra4 36.Rxd5 Rxa6
37.Rd8+ Kh7 38.g4 Kg6 39.Kg3 f5 40.Rd7 fxg4 41.Kxg4 h5+ 42.Kh4 Ra4+ 43.Kg3 a5
44.Rb7 Rb4 45.Ra7 h4+ 46.Kh3 a4 47.Ra5 Kh6 48.Ra8 g6 49.Ra5 g5 50.Ra8 Kg6
51.Kh2 Kf5 52.Rf8+ Ke5 53.Rg8 Kf4 54.Rf8+ Ke3 55.Rf5 Kd3 56.Rxg5 Kc3 57.g3 hxg3+
58.Kxg3 a3 59.Ra5 Kb3 60.f4 a2 61.Rxa2 Kxa2 62.Kg4 Kb3 63.Kf5 Kc4 64.Ke5 Rb5+
65.Ke6 Kd4 66.f5 Rb6+  0-1

[Event "11th TCh-IND w 2013"]
[Site "Hyderabad IND"]
[Date "2013.02.25"]
[Round "6.2"]
[White "Gauri,Keshav Hadkonkar"]
[Black "Nimmy,A"]
[Result "0-1"]
[WhiteElo "1631"]
[BlackElo "2155"]

1.d4 d5 2.Nf3 Nf6 3.c4 c6 4.Nc3 dxc4 5.a4 Bf5 6.e3 e6 7.Bxc4 Bb4 8.Bd2 a5
9.O-O Nbd7 10.Re1 Bg6 11.Na2 Bxd2 12.Qxd2 O-O 13.Nc3 e5 14.h3 e4 15.Nh4 Bh5
16.Nf5 Nb6 17.Bb3 Re8 18.Ng3 Bg6 19.Nce2 Nfd5 20.Rad1 Nb4 21.Nf4 N6d5 22.Bc4 Qg5
23.Nxd5 cxd5 24.Bb5 Re7 25.Rc1 f5 26.Ne2 Bf7 27.Rc3 Rf8 28.b3 Qf6 29.Nc1 Be8
30.Bxe8 Rfxe8 31.Na2 Nd3 32.Rb1 f4 33.exf4 Nxf4 34.Rg3 Rf8 35.Nc3 Rc7 36.Rg4 Rxc3
37.Rxf4 Qxf4 38.Qxc3 Qxf2+ 39.Kh1 b6 40.Kh2 h6 41.Rc1 Rf3 42.Qc8+ Kh7 43.Qg4 Rf6
44.Qg3 Qxd4  0-1

[Event "5th Batavia GM 2013"]
[Site "Amsterdam NED"]
[Date "2013.02.28"]
[Round "1.1"]
[White "Greenfeld,A"]
[Black "Riemersma,L"]
[Result "1-0"]
[WhiteElo "2540"]
[BlackElo "2426"]

1.d4 d5 2.c4 c6 3.Nf3 Nf6 4.Nc3 dxc4 5.a4 Bf5 6.Nh4 Bg4 7.h3 Bh5 8.g4 Bg6
9.Nxg6 hxg6 10.e4 e5 11.Bxc4 exd4 12.e5 Bb4 13.exf6 dxc3 14.Qxd8+ Kxd8 15.O-O gxf6
16.Rd1+ Ke7 17.bxc3 Bc5 18.g5 f5 19.Rb1 b6 20.Rb2 Rh4 21.Re2+ Re4 22.Rxe4+ fxe4
23.Re1 Nd7 24.Rxe4+ Kf8 25.Kg2 Rb8 26.Bf4 Re8 27.Bd3 Be7 28.Be3 Nc5 29.Rh4 Bd6
30.Bc2 Ne6 31.Be4 c5 32.f4 Kg8 33.Kf3 Bf8 34.f5 gxf5 35.Bxf5 Bg7 36.Bd2 Rd8
37.Ke2 Rd5 38.Bh7+ Kf8 39.Rg4 f5 40.Rg2 Be5 41.Rf2 Kg7 42.Bxf5 Bg3 43.Rf3 Re5+
44.Kd3 Bf4 45.Bxe6 Bxd2 46.Rf7+ Kg6 47.Kxd2 Rxe6 48.Rf6+ Rxf6 49.gxf6 Kxf6
50.Kd3  1-0

[Event "Zagreb Open A 2013"]
[Site "Zagreb CRO"]
[Date "2013.02.28"]
[Round "4.2"]
[White "Zaja,I"]
[Black "Postny,E"]
[Result "1/2-1/2"]
[WhiteElo "2483"]
[BlackElo "2622"]

1.d4 d5 2.c4 c6 3.Nf3 Nf6 4.Nc3 dxc4 5.a4 Bf5 6.Nh4 Bg4 7.h3 Bh5 8.g4 Bg6
9.Bg2 e6 10.Nxg6 hxg6 11.e4 Na6 12.Be3 Nb4 13.O-O e5 14.d5 cxd5 15.exd5 Bd6
16.Qe2 O-O 17.Qxc4 Nc2 18.Rac1 Nxe3 19.fxe3 Rc8 20.Qe2 Qe7 21.g5 Nd7 22.Qg4 e4
23.Nxe4 Rxc1 24.Rxc1 Nc5 25.Rc4 Nxe4 26.Bxe4 Qe5 27.Qf4 Qe7 28.Qg4 Bc5 29.Qg3 Rd8
30.h4 Bd6 31.Qg4 Qe5 32.Rc8 Rxc8 33.Qxc8+ Kh7 34.Qg4 Qh2+ 35.Kf1 Bg3 36.Bg2 Qxh4
37.Qxh4+ Bxh4 38.d6 b6 39.Bd5 Kg8 40.e4 Bxg5 41.e5 Kf8 42.e6 fxe6 43.Bxe6  1/2-1/2

[Event "5th Batavia GM 2013"]
[Site "Amsterdam NED"]
[Date "2013.03.01"]
[Round "2.4"]
[White "Hertneck,G"]
[Black "Ringoir,T"]
[Result "1/2-1/2"]
[WhiteElo "2520"]
[BlackElo "2468"]

1.d4 d5 2.c4 c6 3.Nf3 Nf6 4.Nc3 dxc4 5.a4 Bf5 6.e3 e6 7.Bxc4 Bb4 8.O-O O-O
9.Qe2 Bg4 10.Rd1 Qa5 11.e4 Qh5 12.Bf4 Nbd7 13.h3 Bxf3 14.Qxf3 Qxf3 15.gxf3 a5
16.Rac1 Rfe8 17.e5 Nd5 18.Be3 f5 19.exf6 N7xf6 20.Nxd5 exd5 21.Bd3 Nh5 22.f4 Bd6
23.f5 Nf4 24.Bxf4 Bxf4 25.Rb1 Bd6 26.Re1 Rxe1+ 27.Rxe1 Kf7 28.Kf1 Be7 29.Rd1 Bf6
30.Be2 Ke7 31.b3 Kd6 32.Rd2 b6 33.Bf3 Rb8 34.Be2 b5 35.axb5 cxb5 36.Ra2 a4
37.bxa4 b4 38.Bd1 Bxd4 39.Bb3 Rc8 40.Rc2 Rf8 41.Rd2 Kc5 42.a5 Ra8 43.Ra2 Kb5
44.Rd2 Kc5 45.Ra2 Kb5 46.a6 Rxa6 47.Rxa6 Kxa6 48.Bxd5 Kb5 49.Bb3 Kc5 50.Ke2 Kd6
51.f4 h6  1/2-1/2

[Event "TCh-ISL 2012-13"]
[Site "Reykjavik ISL"]
[Date "2013.03.01"]
[Round "5.4"]
[White "Halkias,S"]
[Black "Oleksienko,M"]
[Result "1/2-1/2"]
[WhiteElo "2554"]
[BlackElo "2556"]

1.d4 d5 2.c4 c6 3.Nf3 Nf6 4.Nc3 dxc4 5.a4 Bf5 6.Ne5 Nbd7 7.Nxc4 Nb6 8.Ne3 Bg6
9.a5 Nbd5 10.Qb3 Rb8 11.Nexd5 Nxd5 12.h4 h5 13.Nxd5 Qxd5 14.Rh3 e6 15.Qxd5  1/2-1/2

[Event "TCh-SVK Extraliga 2012-13"]
[Site "Slovakia SVK"]
[Date "2013.03.01"]
[Round "9.1"]
[White "Magat,Jozef"]
[Black "Zagrapan,P"]
[Result "1/2-1/2"]
[WhiteElo "2117"]
[BlackElo "2110"]

1.Nf3 Nf6 2.d4 d5 3.c4 c6 4.Nc3 dxc4 5.a4 Bf5 6.e3 e6 7.Bxc4 Bb4 8.O-O O-O
9.Qb3 Qe7 10.Ne5 a5 11.f3  1/2-1/2

[Event "20th Bunratty Classic"]
[Site "Bunratty IRL"]
[Date "2013.03.02"]
[Round "7.2"]
[White "Collins,S IRL"]
[Black "Pert,N"]
[Result "1/2-1/2"]
[WhiteElo "2482"]
[BlackElo "2539"]

1.d4 d5 2.c4 c6 3.Nf3 Nf6 4.Nc3 dxc4 5.a4 Bf5 6.e3 e6 7.Bxc4 Bb4 8.O-O Nbd7
9.Qe2 Bg6 10.e4 O-O 11.Bd3 Bh5 12.e5 Nd5 13.Nxd5 cxd5 14.Qe3 Be7 15.Ne1 Bg6
16.f4  1/2-1/2

[Event "5th Batavia GM 2013"]
[Site "Amsterdam NED"]
[Date "2013.03.04"]
[Round "5.2"]
[White "Swinkels,R"]
[Black "Ringoir,T"]
[Result "1-0"]
[WhiteElo "2522"]
[BlackElo "2468"]

1.d4 d5 2.c4 c6 3.Nf3 Nf6 4.Nc3 dxc4 5.a4 Bf5 6.Ne5 Nbd7 7.Nxc4 Nb6 8.Ne5 a5
9.Bg5 g6 10.f3 Bg7 11.e4 Be6 12.Be3 O-O 13.Be2 Ne8 14.O-O Nd6 15.Bf2 Ndc4
16.Nxc4 Bxc4 17.Bxc4 Nxc4 18.Qe2 Nb6 19.Rfd1 Qd6 20.d5 Qb4 21.e5 Nxd5 22.Nxd5 cxd5
23.Rxd5 Rfd8 24.Rb5 Qd2 25.Qxd2 Rxd2 26.Be1 Rc2 27.Rd1 Bh6 28.Rxb7 Re2 29.Bc3 Be3+
30.Kh1 Bc5 31.h3 Bb4 32.Bxb4 Rxb2 33.Rdd7 axb4 34.Rxe7 Rxa4 35.e6 Ra1+ 36.Kh2 Raa2
37.exf7+ Kg7 38.Re8 Rxg2+ 39.Kh1  1-0

[Event "29th ChessOrg Open"]
[Site "Bad Woerishofen GER"]
[Date "2013.03.04"]
[Round "4.3"]
[White "Estremera Panos,S"]
[Black "Starostits,I"]
[Result "1/2-1/2"]
[WhiteElo "2365"]
[BlackElo "2470"]

1.d4 d5 2.c4 c6 3.Nf3 Nf6 4.Nc3 dxc4 5.a4 Bf5 6.e3 e6 7.Bxc4 Bb4 8.O-O O-O
9.Qe2 Bg6 10.Ne5 Bh5 11.f3 Nfd7 12.Nd3 Bd6 13.Rd1 Qc7 14.g4 Bg6 15.f4 Nb6
16.Bb3 Nd5 17.Qf3 Bxd3 18.Rxd3 Na6 19.Rd1 Rad8 20.e4 Nxf4 21.e5 Bxe5 22.dxe5 Ng6
23.Be3 Qxe5 24.Qe4 Qa5 25.Rxd8 Rxd8 26.Rd1 Rxd1+ 27.Bxd1 Nb4 28.Qd4 a6 29.Qb6 Qe5
30.Qd8+ Nf8 31.Qd4 Nd7 32.Qxe5 Nxe5 33.b3 f5 34.gxf5 exf5 35.Bd4  1/2-1/2

[Event "Jersey Masters 2013"]
[Site "St Clement Bay JCI"]
[Date "2013.03.07"]
[Round "2"]
[White "Schmitz,Man"]
[Black "Frijling,J"]
[Result "1-0"]
[WhiteElo "2042"]
[BlackElo "1858"]

1.d4 Nf6 2.Nf3 d5 3.c4 c6 4.Nc3 dxc4 5.a4 Bf5 6.e3 e6 7.Bxc4 Bb4 8.Bd2 Nbd7
9.O-O O-O 10.Qb3 a5 11.Rad1 Nb6 12.Be2 Rc8 13.Ne5 c5 14.Nb5 Bxd2 15.Rxd2 Ne4
16.Rdd1 Qe7 17.Na7 Qc7 18.Nxc8 Rxc8 19.f3 Nf6 20.Rc1 Nbd7 21.Nxd7 Nxd7 22.e4 Bg6
23.Rc3 b6 24.Bb5 Nb8 25.dxc5 bxc5 26.Rd1 Rd8 27.Rcd3 Rd4 28.Rxd4 cxd4 29.Rxd4 Qb6
30.Qe3 e5 31.Rd3 Qc7 32.Rc3 Qd8 33.Qd3 Qf8 34.Qc4  1-0

[Event "TCh-CAT Div Hon 2013"]
[Site "Catalonia ESP"]
[Date "2013.03.09"]
[Round "8.8"]
[White "Rodriguez Vargas,O"]
[Black "Avila Jimenez,J"]
[Result "1-0"]
[WhiteElo "2378"]
[BlackElo "2250"]

1.d4 Nf6 2.Nf3 d5 3.c4 c6 4.Nc3 dxc4 5.a4 Bf5 6.e3 e6 7.a5 Bd3 8.Bxd3 cxd3
9.Ne5 Na6 10.Qxd3 Bb4 11.O-O Rc8 12.e4 h6 13.Qg3 Kf8 14.Be3 Bxa5 15.f3 Bb6
16.Rad1 Nb4 17.Rd2 Qe7 18.f4 g6 19.h4 Bc7 20.f5 Nh5 21.Qg4 Nf6 22.Qh3 exf5
23.exf5 Rd8 24.fxg6  1-0

[Event "5th Batavia GM 2013"]
[Site "Amsterdam NED"]
[Date "2013.03.10"]
[Round "9.2"]
[White "Riemersma,L"]
[Black "Ringoir,T"]
[Result "1-0"]
[WhiteElo "2426"]
[BlackElo "2468"]

1.d4 d5 2.c4 c6 3.Nf3 Nf6 4.Nc3 dxc4 5.a4 Bf5 6.Nh4 Bc8 7.e3 e5 8.Nf3 exd4
9.Nxd4 a6 10.Bxc4 c5 11.Nf3 Qxd1+ 12.Kxd1 Nc6 13.Ke2 Na5 14.Nd5 Bd6 15.Nxf6+ gxf6
16.Bd5 Be6 17.Rd1 Ke7 18.e4 Rad8 19.Be3 Nb3 20.Bxb3 Bxb3 21.Rdc1 Rc8 22.Nd2 Be6
23.a5 c4 24.f4 f5 25.exf5 Bd5 26.f6+ Kd7 27.Nf3 Rhe8 28.Rd1 Be4 29.Kf2 Bd3
30.Ne1 Bf5 31.Nf3 c3 32.bxc3 Rxc3 33.Ne5+ Ke6 34.g4 Be4 35.Bd4 Bxe5 36.Bxe5 Rd3
37.Rxd3 Bxd3 38.Rd1 Kd5  1-0

[Event "TCh-AUT 2 East 2012-13"]
[Site "Austria AUT"]
[Date "2013.03.10"]
[Round "9.1"]
[White "Zilka,S"]
[Black "Videki,S"]
[Result "1-0"]
[WhiteElo "2529"]
[BlackElo "2429"]

1.d4 d5 2.c4 c6 3.Nf3 Nf6 4.Nc3 dxc4 5.a4 Bf5 6.Ne5 Nbd7 7.Nxc4 Qc7 8.g3 e5
9.dxe5 Nxe5 10.Bf4 Nfd7 11.Bg2 g5 12.Bxe5 Nxe5 13.Qd4 f6 14.O-O-O Rd8 15.Qe3 Be7
16.Rxd8+ Kxd8 17.Rd1+ Kc8 18.Nxe5 Qxe5 19.Qxa7 Ba3 20.Qd4 Qxd4 21.Rxd4 Bc5
22.Rd2 Be6 23.e3 Kc7 24.Be4 h5 25.Ne2 Bb4 26.Rd1 c5 27.Nc3 Bxc3 28.bxc3 Ra8
29.Bc2 Bd7 30.Rd5 b6 31.Kb2 Be6 32.Rd2 h4 33.Bb3 Bd7 34.gxh4 g4 35.h5 Rh8
36.Bf7 Bxa4 37.Rd5 Bd7 38.Bg6 Be6 39.Rd1 b5 40.Kc2 Bc4 41.Rg1 f5 42.h4 gxh3
43.Rh1 Kd6 44.Rxh3 Ke5 45.f4+ Kf6 46.Rh1 Be2 47.Kd2 Bf3 48.Ra1 Bxh5 49.Ra6+ Ke7
50.Bxf5 Bf7 51.Ra7+ Kf6 52.e4 Rh2+ 53.Ke3 b4 54.cxb4 cxb4 55.Ra6+ Ke7 56.e5 b3
57.Ra7+ Kf8 58.e6 Be8 59.Rb7 b2 60.Be4 Ba4 61.f5 Bb3  1-0

[Event "TCh-AUT 2 East 2012-13"]
[Site "Austria AUT"]
[Date "2013.03.10"]
[Round "9.3"]
[White "Kropik,M"]
[Black "Alvir,A"]
[Result "0-1"]
[WhiteElo "2133"]
[BlackElo "2345"]

1.d4 d5 2.c4 c6 3.Nc3 Nf6 4.Nf3 dxc4 5.a4 Bf5 6.e3 e6 7.Bxc4 Bb4 8.O-O O-O
9.Qe2 Nbd7 10.e4 Bg6 11.e5 Nd5 12.Ne4 Be7 13.Rd1 a5 14.Bd3 Rb8 15.Bg5 Nb4
16.Bxe7 Qxe7 17.Bb1 Nb6 18.Nfg5 h6 19.Nh3 N4d5 20.Ra3 Rbd8 21.Nd6 Bxb1 22.Rxb1 f5
23.Qh5 f4 24.g3 Nc8 25.Ne4 Qf7 26.Qxf7+ Rxf7 27.gxf4 Nxf4 28.Nxf4 Rxf4 29.Nc5 Rfxd4
30.Nxb7 R8d5 31.Rc3 Ne7 32.b3 Rxe5 33.Rc5 Rxc5 34.Nxc5 Kf7 35.Re1 Rb4 36.Rxe6 Rg4+  0-1

[Event "UTD Turner GM Invitational 2013"]
[Site "Richardson USA"]
[Date "2013.03.10"]
[Round "4"]
[White "Iotov,V"]
[Black "Holt,C"]
[Result "1/2-1/2"]
[WhiteElo "2578"]
[BlackElo "2504"]

1.d4 d5 2.Nf3 Nf6 3.c4 c6 4.Nc3 dxc4 5.a4 Bf5 6.Nh4 e6 7.Nxf5 exf5 8.Bg5 Bb4
9.e3 Qa5 10.Bxf6 Bxc3+ 11.bxc3 Qxc3+ 12.Ke2 gxf6 13.Kf3 Nd7 14.Rc1 Qa5 15.Bxc4 f4
16.exf4 Nb6 17.Qe1+ Qxe1 18.Rhxe1+ Kf8 19.Bb3 a5 20.Rb1 Nc8 21.Rbc1 Ne7 22.d5 Rd8
23.dxc6 Nxc6 24.Red1 Kg7 25.Bd5 Rd6 26.Bxc6 Rxd1 27.Rxd1 bxc6 28.Rc1 Rb8
29.Rc5 Rb3+ 30.Kg4 Rb2 31.Kg3 Rb3+ 32.f3 Ra3 33.Rxa5 c5 34.Rxc5 Rxa4 35.h4 Ra2
36.Kh3 Rf2 37.f5 Rf1 38.Kg4 Rf2 39.g3 Rf1 40.Rc6 Rf2 41.Rc4 Rf1 42.Kh5 h6  1/2-1/2

[Event "86th ch-St Petersburg"]
[Site "St Petersburg RUS"]
[Date "2013.03.14"]
[Round "4.2"]
[White "Bazeev,G"]
[Black "Yevseev,D"]
[Result "0-1"]
[WhiteElo "2339"]
[BlackElo "2536"]

1.d4 d5 2.c4 c6 3.Nc3 Nf6 4.Nf3 dxc4 5.a4 Bf5 6.Ne5 Nbd7 7.Nxc4 Qc7 8.g3 e5
9.dxe5 Nxe5 10.Bf4 Nfd7 11.Bg2 f6 12.Qd4 Bc5 13.Bxe5 fxe5 14.Qh4 O-O 15.O-O Nf6
16.Qg5 Ng4 17.Nd1 Rad8 18.Bf3 h6 19.Qc1 Qe7 20.Nde3 Nxe3 21.Nxe3 Be6 22.a5 a6
23.Bg4 Bxg4 24.Nxg4 Rd4 25.Ne3 Ba7 26.Ng2 Qb4 27.Qc2 Rd2 28.Ra4 Rxc2 29.Rxb4 Rxe2
30.Rxb7 Bxf2+ 31.Kh1 g5  0-1